Analýza vývoja zamestnanosti a nezamestnanosti v rokoch 1990-1993 v Slovenskej republike

Vývoj zamestnanosti a nezamestnanosti ako jeden z najzávažnejších makroekonomických indikátorov hospodárskej a sociálnej situácie. Vývoj ekonomickej aktivity a zamestnanosti obyvateľstva SR. Fenomén nezamestnanosti a jeho expanzia v ekonomike SR. Utváranie regionálnych trhov práce.

Gespeichert in:
Bibliographische Detailangaben
1. Verfasser: Brhlovič, Gerhard
Format: Buchkapitel
Sprache:Slowakisch
Schlagworte:
Tags: Tag hinzufügen
Keine Tags, Fügen Sie das erste Tag hinzu!

MARC

LEADER 00000naa a2200000 4500
001 r019923
005 20221205090122.4
041 0 |a slo 
044 |a SK 
245 1 0 |a Analýza vývoja zamestnanosti a nezamestnanosti v rokoch 1990-1993 v Slovenskej republike  |c Gerhard Brhlovič 
520 |a Vývoj zamestnanosti a nezamestnanosti ako jeden z najzávažnejších makroekonomických indikátorov hospodárskej a sociálnej situácie. Vývoj ekonomickej aktivity a zamestnanosti obyvateľstva SR. Fenomén nezamestnanosti a jeho expanzia v ekonomike SR. Utváranie regionálnych trhov práce. 
610 2 0 |a zamestnanosť 
610 2 0 |a nezamestnanosť 
610 2 0 |a miera nezamestnanosti 
610 2 0 |a Slovensko 
610 2 0 |a 1990-1993 
610 2 0 |a aktivita hospodárska 
610 2 0 |a zmeny štruktúrne 
610 2 0 |a trh práce 
610 2 0 |a regióny 
100 1 |a Brhlovič, Gerhard